A series of picturesque views of seats of the noblemen and gentlemen of Great Britain and Ireland: with descriptive and historical letterpress.
Kaydedildi:
| Yazar: | |
|---|---|
| Materyal Türü: | Kitap |
| Dil: | İngilizce |
| Baskı/Yayın Bilgisi: |
London, England, United Kingdom
William Mackenzie, 69, Ludgate Hill
1880
|
| Konular: | |
| Etiketler: |
Etiketle
Etiket eklenmemiş, İlk siz ekleyin!
|
MARC
| LEADER | 00000nam a2200000 a 4500 | ||
|---|---|---|---|
| 001 | UCJ7946 | ||
| 003 | CL-VaPUC | ||
| 005 | 20241021125351.0 | ||
| 008 | 070124e18800000UK |||||||||||||||||eng|d | ||
| 999 | |c 323806 |d 323804 | ||
| 040 | |c Pontificia Universidad Católica de Valparaíso | ||
| 082 | 0 | 4 | |a 724 MOR 1880 |2 21 |
| 100 | |a Morris, Francis Orpen |e author |9 516492 | ||
| 245 | 1 | 2 | |a A series of picturesque views of seats of the noblemen and gentlemen of Great Britain and Ireland: with descriptive and historical letterpress. |
| 260 | 0 | 3 | |a London, England, United Kingdom |b William Mackenzie, 69, Ludgate Hill |c 1880 |
| 300 | |a 6 volúmenes. | ||
| 500 | |a 8° tela lujo, plancha dorada.- Excelentes reproducciones en color de castillos ingleses e irlandeses | ||
| 583 | |a last modification |c 20130614 03:23:05 |k Rodrigo Vera | ||
| 650 | 0 | |a Arquitectura |9 804558 | |
| 650 | 7 | |a CASTILLOS INGLESES |2 CL-VaPUC |9 516494 | |
| 650 | 7 | |a NOBILIARIA |2 CL-VaPUC |9 510073 | |
| 650 | 0 | |a Genealogía |9 255285 | |
| 650 | 7 | |a BIOGRAFIA |2 CL-VaPUC |9 504622 | |
| 650 | 0 | |a Ilustraciones |9 369481 | |
| 651 | 0 | |a Inglaterra |9 255158 | |
| 651 | 0 | |a Irlanda |9 324541 | |
| 942 | |c BK |2 ddc | ||
| 945 | |d 20070124 00:00:00 |a rinostro | ||
| 952 | |0 0 |1 0 |4 0 |6 724_000000000000000_MOR_1880 |7 0 |8 X |9 403614 |a FDOBUD |b FDOBUD |d 2019-11-22 |h v.1 |i 1070584 |o 724 MOR 1880 |p 1070584 |r 2019-11-22 |t 1 |w 2019-11-22 |y BK_X |k BUD | ||
| 952 | |0 0 |1 0 |4 0 |6 724_000000000000000_MOR_1880 |7 0 |8 X |9 403615 |a FDOBUD |b FDOBUD |d 2019-11-22 |h v.2 |i 1070592 |o 724 MOR 1880 |p 1070592 |r 2019-11-22 |t 1 |w 2019-11-22 |y BK_X |k BUD | ||
| 952 | |0 0 |1 0 |4 0 |6 724_000000000000000_MOR_1880 |7 0 |8 X |9 403616 |a FDOBUD |b FDOBUD |d 2019-11-22 |h v.3 |i 1070606 |o 724 MOR 1880 |p 1070606 |r 2019-11-22 |t 1 |w 2019-11-22 |y BK_X |k BUD | ||
| 952 | |0 0 |1 0 |4 0 |6 724_000000000000000_MOR_1880 |7 0 |8 X |9 403617 |a FDOBUD |b FDOBUD |d 2019-11-22 |h v.4 |i 1070614 |o 724 MOR 1880 |p 1070614 |r 2019-11-22 |t 1 |w 2019-11-22 |y BK_X |k BUD | ||
| 952 | |0 0 |1 0 |4 0 |6 724_000000000000000_MOR_1880 |7 0 |8 X |9 403618 |a FDOBUD |b FDOBUD |d 2019-11-22 |h v.5 |i 1070622 |o 724 MOR 1880 |p 1070622 |r 2019-11-22 |t 1 |w 2019-11-22 |y BK_X |k BUD | ||
| 952 | |0 0 |1 0 |4 0 |6 724_000000000000000_MOR_1880 |7 0 |8 X |9 403619 |a FDOBUD |b FDOBUD |d 2019-11-22 |h v.6 |i 1070630 |o 724 MOR 1880 |p 1070630 |r 2019-11-22 |t 1 |w 2019-11-22 |y BK_X |k BUD | ||